MARC

LEADER 00000nam0a2200000 4500
001 91675
005 20231031104157.0
035 |a (RuTPU)RU\TPU\book\98264 
090 |a 91675 
100 |a 20060228d1975 m y0rusy50 ca 
101 0 |a rus 
102 |a RU 
105 |a a j 001zy 
200 1 |a Технология пластических масс  |e учебное пособие  |f И. Ш. Пик, С. А. Азерский 
210 |a Москва  |c Высшая школа  |d 1975 
215 |a 375 с.  |c ил. 
225 1 |a Профтехобразование. Производство полимеров и пластических масс 
320 |a Библиогр.: с. 370 
610 1 |a химия 
610 1 |a высокомолекулярные соединения 
610 1 |a пластические массы 
610 1 |a технология 
610 1 |a производство 
610 1 |a полимеры 
610 1 |a пластмассы 
610 1 |a полимеризация 
610 1 |a поликонденсация 
610 1 |a полиэфиры 
610 1 |a переработка 
610 1 |a учебные пособия 
675 |a 678.5(075.3)  |v 3 
700 1 |a Пик  |b И. Ш.  |g Иосиф Шепшелевич 
701 1 |a Азерский  |b С. А.  |g Соломон Аронович 
801 1 |a RU  |b 63413507  |c 20060228  |g PSBO 
801 2 |a RU  |b 63413507  |c 20060306  |g PSBO 
942 |c BK